000 00575nam a2200181Ia 4500
008 090201s9999 xx 000 0 und d
010 _aKPL-65848
040 _bमराठी
041 _aमराठी
082 _a2429
_b65848
100 _aध रा गाला
245 _aलोहचुंबक चिकित्सा
_cध रा गाला
250 _a1
260 _c1990
_bजे एस् गाला प्रकाशन
300 _a112
_bमध्यम
600 _aलोहचुंबक चिकित्सा
942 _cBOOK
999 _c203521
_d203521